<?xml version="1.0" encoding="UTF-8"?>
<record
    xmlns:xsi="http://www.w3.org/2001/XMLSchema-instance"
    xsi:schemaLocation="http://www.loc.gov/MARC21/slim http://www.loc.gov/standards/marcxml/schema/MARC21slim.xsd"
    xmlns="http://www.loc.gov/MARC21/slim">

  <leader>01643    a2200265   4500</leader>
  <controlfield tag="003">NALT</controlfield>
  <controlfield tag="005">20250313163340.0</controlfield>
  <controlfield tag="008">220623b        th ||||| |||| 00| 0 tha d</controlfield>
  <datafield tag="020" ind1=" " ind2=" ">
    <subfield code="a">9789740215967</subfield>
  </datafield>
  <datafield tag="040" ind1=" " ind2=" ">
    <subfield code="a">NALT</subfield>
  </datafield>
  <datafield tag="050" ind1=" " ind2=" ">
    <subfield code="a">CT 1548.J4</subfield>
    <subfield code="b">&#xE20;679&#xE2D; 2561</subfield>
  </datafield>
  <datafield tag="100" ind1="0" ind2=" ">
    <subfield code="a">&#xE20;&#xE39;&#xE23;&#xE34; &#xE1F;&#xE39;&#xE27;&#xE07;&#xE28;&#xE4C;&#xE40;&#xE08;&#xE23;&#xE34;&#xE0D;</subfield>
    <subfield code="9">17787</subfield>
  </datafield>
  <datafield tag="245" ind1="1" ind2="0">
    <subfield code="a">"&#xE2D;&#xE22;&#xE32;&#xE01;&#xE25;&#xE37;&#xE21;&#xE01;&#xE25;&#xE31;&#xE1A;&#xE08;&#xE33;" &#xE2A;&#xE32;&#xE23;&#xE04;&#xE14;&#xE35;&#xE0A;&#xE35;&#xE27;&#xE1B;&#xE23;&#xE30;&#xE27;&#xE31;&#xE15;&#xE34;&#xE25;&#xE39;&#xE01;&#xE2A;&#xE32;&#xE27;&#xE08;&#xE2D;&#xE21;&#xE1E;&#xE25; &#xE1B;. : </subfield>
    <subfield code="b">&#xE0A;&#xE35;&#xE27;&#xE34;&#xE15; &#xE04;&#xE27;&#xE32;&#xE21;&#xE1C;&#xE31;&#xE19;&#xE1C;&#xE27;&#xE19;&#xE41;&#xE25;&#xE30;&#xE04;&#xE27;&#xE32;&#xE21;&#xE17;&#xE23;&#xE07;&#xE08;&#xE33;&#xE02;&#xE2D;&#xE07;&#xE08;&#xE35;&#xE23;&#xE27;&#xE31;&#xE2A;&#xE2A;&#xE4C; &#xE1B;&#xE31;&#xE19;&#xE22;&#xE32;&#xE23;&#xE0A;&#xE38;&#xE19; &#xE1E;&#xE34;&#xE1A;&#xE39;&#xE25;&#xE2A;&#xE07;&#xE04;&#xE23;&#xE32;&#xE21; / </subfield>
    <subfield code="c">&#xE20;&#xE39;&#xE23;&#xE34; &#xE1F;&#xE39;&#xE27;&#xE07;&#xE28;&#xE4C;&#xE40;&#xE08;&#xE23;&#xE34;&#xE0D;, &#xE28;&#xE23;&#xE31;&#xE0D;&#xE0D;&#xE39; &#xE40;&#xE17;&#xE1E;&#xE2A;&#xE07;&#xE40;&#xE04;&#xE23;&#xE32;&#xE30;&#xE2B;&#xE4C; &#xE41;&#xE25;&#xE30; &#xE13;&#xE31;&#xE10;&#xE1E;&#xE25; &#xE43;&#xE08;&#xE08;&#xE23;&#xE34;&#xE07;.</subfield>
  </datafield>
  <datafield tag="246" ind1="1" ind2="4">
    <subfield code="a">"&#xE2D;&#xE22;&#xE32;&#xE01;&#xE25;&#xE37;&#xE21;&#xE01;&#xE25;&#xE31;&#xE1A;&#xE08;&#xE33;"</subfield>
  </datafield>
  <datafield tag="250" ind1=" " ind2=" ">
    <subfield code="a">&#xE1E;&#xE34;&#xE21;&#xE1E;&#xE4C;&#xE04;&#xE23;&#xE31;&#xE49;&#xE07;&#xE41;&#xE23;&#xE01;</subfield>
  </datafield>
  <datafield tag="260" ind1=" " ind2=" ">
    <subfield code="a">&#xE01;&#xE23;&#xE38;&#xE07;&#xE40;&#xE17;&#xE1E;&#xE2F; : </subfield>
    <subfield code="b">&#xE21;&#xE15;&#xE34;&#xE0A;&#xE19;, </subfield>
    <subfield code="c">2561.</subfield>
  </datafield>
  <datafield tag="300" ind1=" " ind2=" ">
    <subfield code="a">383 &#xE2B;&#xE19;&#xE49;&#xE32; : </subfield>
    <subfield code="b">&#xE20;&#xE32;&#xE1E;&#xE1B;&#xE23;&#xE30;&#xE01;&#xE2D;&#xE1A; ; </subfield>
    <subfield code="c">22 &#xE0B;&#xE21;.</subfield>
  </datafield>
  <datafield tag="600" ind1="0" ind2="4">
    <subfield code="9">58435</subfield>
    <subfield code="a">&#xE08;&#xE35;&#xE23;&#xE27;&#xE31;&#xE2A;&#xE2A;&#xE4C; &#xE1B;&#xE31;&#xE19;&#xE22;&#xE32;&#xE23;&#xE0A;&#xE38;&#xE19; &#xE1E;&#xE34;&#xE1A;&#xE39;&#xE25;&#xE2A;&#xE07;&#xE04;&#xE23;&#xE32;&#xE21;</subfield>
    <subfield code="x">&#xE0A;&#xE35;&#xE27;&#xE1B;&#xE23;&#xE30;&#xE27;&#xE31;&#xE15;&#xE34;</subfield>
  </datafield>
  <datafield tag="651" ind1=" " ind2="4">
    <subfield code="9">76</subfield>
    <subfield code="a">&#xE44;&#xE17;&#xE22;</subfield>
    <subfield code="x">&#xE01;&#xE32;&#xE23;&#xE40;&#xE21;&#xE37;&#xE2D;&#xE07;&#xE41;&#xE25;&#xE30;&#xE01;&#xE32;&#xE23;&#xE1B;&#xE01;&#xE04;&#xE23;&#xE2D;&#xE07;</subfield>
  </datafield>
  <datafield tag="700" ind1="0" ind2=" ">
    <subfield code="9">36460</subfield>
    <subfield code="a">&#xE28;&#xE23;&#xE31;&#xE0D;&#xE0D;&#xE39; &#xE40;&#xE17;&#xE1E;&#xE2A;&#xE07;&#xE40;&#xE04;&#xE23;&#xE32;&#xE30;&#xE2B;&#xE4C;</subfield>
  </datafield>
  <datafield tag="700" ind1="0" ind2=" ">
    <subfield code="a">&#xE13;&#xE31;&#xE10;&#xE1E;&#xE25; &#xE43;&#xE08;&#xE08;&#xE23;&#xE34;&#xE07;.</subfield>
    <subfield code="9">47746</subfield>
  </datafield>
  <datafield tag="850" ind1=" " ind2=" ">
    <subfield code="a">NALT</subfield>
  </datafield>
  <datafield tag="942" ind1=" " ind2=" ">
    <subfield code="2">lcc</subfield>
    <subfield code="c">GB</subfield>
  </datafield>
  <datafield tag="998" ind1=" " ind2=" ">
    <subfield code="a">phon</subfield>
    <subfield code="b">phon</subfield>
    <subfield code="c">phon</subfield>
    <subfield code="j">1020</subfield>
    <subfield code="k"> &#xE19;&#xE32;&#xE07;&#xE08;&#xE33;&#xE40;&#xE23;&#xE35;&#xE22;&#xE07;  &#xE23;&#xE30;&#xE27;&#xE31;&#xE07;&#xE2A;&#xE33;&#xE42;&#xE23;&#xE07;</subfield>
  </datafield>
  <datafield tag="999" ind1=" " ind2=" ">
    <subfield code="c">100241</subfield>
    <subfield code="d">100241</subfield>
  </datafield>
  <datafield tag="952" ind1=" " ind2=" ">
    <subfield code="0">0</subfield>
    <subfield code="1">0</subfield>
    <subfield code="2">lcc</subfield>
    <subfield code="4">0</subfield>
    <subfield code="7">0</subfield>
    <subfield code="8">CGBL</subfield>
    <subfield code="a">NALT</subfield>
    <subfield code="b">NALT</subfield>
    <subfield code="c">GEN</subfield>
    <subfield code="d">2022-06-02</subfield>
    <subfield code="e">20</subfield>
    <subfield code="o">CT 1548.J4 &#xE20;679&#xE2D; 2561</subfield>
    <subfield code="p">3961212947</subfield>
    <subfield code="r">2022-07-01 00:00:00</subfield>
    <subfield code="t">&#xE09;.2</subfield>
    <subfield code="w">2022-06-02</subfield>
    <subfield code="y">GB</subfield>
  </datafield>
  <datafield tag="952" ind1=" " ind2=" ">
    <subfield code="0">0</subfield>
    <subfield code="1">0</subfield>
    <subfield code="2">lcc</subfield>
    <subfield code="4">0</subfield>
    <subfield code="7">0</subfield>
    <subfield code="8">CGBL</subfield>
    <subfield code="a">NALT</subfield>
    <subfield code="b">NALT</subfield>
    <subfield code="c">GEN</subfield>
    <subfield code="d">2022-06-02</subfield>
    <subfield code="e">20</subfield>
    <subfield code="l">7</subfield>
    <subfield code="m">5</subfield>
    <subfield code="o">CT 1548.J4 &#xE20;679&#xE2D; 2561</subfield>
    <subfield code="p">3961212745</subfield>
    <subfield code="r">2025-03-11 00:00:00</subfield>
    <subfield code="s">2025-02-25</subfield>
    <subfield code="t">&#xE09;.1</subfield>
    <subfield code="w">2022-06-02</subfield>
    <subfield code="y">GB</subfield>
  </datafield>
</record>
